000 00314nam a2200133Ia 4500
005 20251222144909.0
008 251222s9999||||xx |||||||||||||| ||spa||
020 _a84-8130-097-7
082 _a818.5/C68
100 _aClark, Mary Higgins
245 0 _aUn Cadáver en el Armario
264 _bUnidad
942 _cLIB
999 _c22263
_d22263